000 00672nam a2200241Ia 4500
003 OSt
005 20230502121851.0
008 210423s2012 xx 000 0 und d
020 _a9788120344860
040 _cAL
041 _aeng
082 _a339.3
_223
_b KENP
100 _aKENNEDY (Peter E)
_995932
245 _aMacroeconomic essentials: understanding economics in the news
250 _a3
260 _aNew Delhi
_bPHI Learning Pvt Ltd
_c2012
300 _axvi,
_bPB
365 _b495
_cINR
650 _aEconomics
_995933
650 _aMacroeconomics
_995934
906 _aeconomics ; essentials: ; Macroeconomic ; news ; understanding
942 _2ddc
_cBK
999 _c161445
_d161445